Quizzes
Events
Quiz Creation
Community
Videos
Private Events
Remove Ads
Sign In
Join for FREE
Feedback
Dark Mode
Quiz Categories
Sports
Geography
Music
Movies
Television
Just For Fun
Miscellaneous
History
Literature
Language
Science
Gaming
Entertainment
Religion
Holiday
For Kids
Quiz Lab
Recent
Popular Today
Quiz Kudos Today
Editor Picks
Curator Picks
Quizzes by...
Day
Popularity
Type
Ratings
Length
Year
Community
Subscriptions
Recent Discussions
Orange Saloon
Badges
Playlists
Quests
Create
Leaderboards
Showdown
Live 5
Trivia Bingo
Activity
Puzzle Library
Sporcle Events
Private Events
Virtual Trivia
Globe League
Become a Host
Pub Owners
SporcleCon
Opinionation
Our Games
Videos
Blog
Mobile Apps
Partnerships
Remove Ads and Go Orange
Feedback
Gaming
Video Games
Board Games
Card Games
Pokémon
Mario
Nintendo
Minecraft
Console
Toys
Legend of Zelda
Gaming
Video Games
Board Games
Card Games
Pokémon
Mario
Nintendo
Minecraft
Console
Toys
Legend of Zelda
Random Quiz
Search Sporcle
×
Quiz Lab
Quiz Lab
Gaming
Clickable
Select answers by clicking on text or image buttons
Select answers by clicking on text or image buttons
Clickable
Best Score? Go Orange.
Dota 2: Side Shop Items Stats
Can you pick the Dota 2 items that can be bought from the side shop?
By
kwypston
3m
24 Questions
4,415 Plays
4,415 Plays
4,415 Plays
Comments
Comments
Give Quiz Kudos
Give Quiz Kudos
-
- Ratings
hide this ad
More Info
Minefield
Wrong answers will end the quiz
Wrong answers will end the quiz
Replay
Link that replays current quiz
Next Quiz
Link to next quiz in quiz playlist
You Got
0%
They Got
Avg Score
40%
Avg Friend Score
Upgrade to see
Score Distribution
Jump to the score distribution portion of the page
Score
0/24
Timer
03:00
0
Plays Today
% Correct
???
67.8%
???
66.6%
???
66.3%
???
63.9%
???
61.9%
???
51.1%
???
45.5%
???
45.5%
???
45.3%
???
39.7%
???
37.6%
???
36.2%
% Correct
???
35.6%
???
35.4%
???
32.8%
???
31.7%
???
31.7%
???
30.2%
???
30.1%
???
27.6%
???
24.8%
???
23.4%
???
22.9%
???
19.3%
Quiz Playlist
Details
Report
Send in Message
Add To Playlist
More Info:
Correct as of 24/6/13 (v6.78)
Clickable:
Select answers by clicking on text or image buttons
Minefield:
Wrong answers will end the quiz
Quiz Source
Last Updated: Jul 6, 2017
Quiz Scoreboard
CHALLENGE
Sign Up to Join the Scoreboard
Show All
Scores
Hide
Comments
May contain spoilers
Recently Published
NBA Finals Game Top Scorers (2010s)
by flibbidy
Sports
5m
Guess the 'R' Things in 3 Words
by MSUKent
Miscellaneous
3m
Actor to Badly Drawn Movie III
by MoMosMoProblems
Movies
5m
More to Explore
Quiz From the Vault
Featured Blog Post
Where Does Lost Luggage Go?
hide this ad
You Might Also Like...
Tags
Clickable Quiz
bought
dota
DOTA 2
item
shop
side
Today's Top Quizzes in Gaming
Browse Gaming
hide this ad
Today's Top Quizzes in Clickable
Browse Clickable
Top Contributed Quizzes in Gaming
1
Video Game Rainbow Blitz
2
Genshin Impact Logic Puzzle
3
Pokémon Gen IV Logic Puzzle (HARD)
4
Rainbow Six Siege Operators by Picture
5
Genshin Impact Logic Puzzle Quiz
6
Ordering Roman Numerals: Pokémon
7
Magic: the Gathering Set Symbols - LCI
8
Pokémon Logic Puzzle (DIFFICULT)
9
St. Patrick's Pick: Gaming
10
Wii Remote Buttons
Explore More
Trending Topics
Kpop
Marvel
Anime
NBA
Disney
Harry Potter
Crossword
Song
The Office
Soccer
Puzzle
NFL
Pokémon
Country
WWE
hide this ad
More By:
kwypston
Quiz
Plays
Rating
Category
Featured
Created
MRT Stations of Singapore
8,054
4.67
Geography
Sep 23, 2009
Dota 2: Side Shop Items
4,415
3.00
Gaming
Jun 24, 2013
The Amazing Race Teams
2,019
4.27
Television
Oct 2, 2009
Dota 2: Clickable Cooldowns
1,976
2.00
Gaming
Aug 22, 2013
Classical Music by Bar Graph Score
949
4.60
Music
Sep 20, 2013
Go to Creator's Profile
Score Distribution
Quiz Creator Spotlight
kwypston
Follow
Send a Message
Quizzes Created
-
Created Quiz Play Count
-
More By This Creator
Popular Quizzes Today
1
Find the US States - No Outlines Minefield
2
Find the US States
3
The Countries of the World
4
10 Largest US States in Order
5
Find the Countries of Europe - No Outlines Minefield
6
US States
7
Guess the 'R' Things in 3 Words
8
NBA Finals Game Top Scorers (2010s)
More Gaming Quizzes
Click the 'N' Pokémon
Quiz Lab
Trending Quizzes
First Name TV: Leading Men
Match the Book to the Film II
First Name TV: Leading Women Drama
Match the Book to the Film VI
Pick A Pair: Religious TV
Recently Updated
Women's Final Four Teams by Year
bhenderson79
Presidents Quartet II
eogle
Anything But Clue(do)
eogle
Anything But Oceanian Capitals
eogle
Anything But 7
eogle
Anything But Thing
eogle
Word Ladder: February 29
pecheneg
Song Title Questions
pecheneg
Women's NCAA Tournament #1 Seeds
pecheneg
Celebrity Mug Shots
pecheneg
Trending Topics
Marvel
Disney
Kpop
Crossword
Harry Potter
Anime
NBA
The Office
Puzzle
Song
NFL
Soccer
Pokémon
WWE
Country
Your Account Isn't Verified!
In order to create a playlist on Sporcle, you need to verify the email address you used during registration. Go to your
Sporcle Settings
to finish the process.
Report this User
Report this user for behavior that violates our
Community Guidelines
.
Details:
Send Report
Go to the Sporcle.com Mobile Site →
Comments